US Map Without 5 Random States - Statistics

General Stats
  • This quiz has been taken 109 times
  • The average score is 4 of 5
Answers on the Map
Answers color-coded by a green-red scale on the quiz's map according to % correct below.
 
Answer Stats
State % Correct
Alabama
100%
Arkansas
100%
California
100%
Colorado
100%
Florida
100%
Georgia
100%
Idaho
100%
Illinois
100%
Indiana
100%
Kansas
100%
Maine
100%
Nevada
100%
New Hampshire
100%
New Mexico
100%
North Carolina
100%
North Dakota
100%
Oregon
100%
Pennsylvania
100%
South Dakota
100%
Tennessee
100%
Washington
100%
Ohio
92%
Minnesota
90%
Louisiana
88%
Texas
88%
Arizona
83%
Iowa
83%
Kentucky
83%
Montana
83%
Nebraska
83%
Michigan
80%
Mississippi
80%
Missouri
80%
Oklahoma
80%
Massachusetts
78%
Maryland
75%
New Jersey
75%
New York
75%
South Carolina
75%
Vermont
75%
West Virginia
75%
Wisconsin
71%
Virginia
67%
Wyoming
67%
Utah
60%
Connecticut
50%
Delaware
50%
Hawaii
50%
Alaska
40%
Rhode Island
40%
No matching quizzes found
Score Distribution
Percent of People with Each Score
Percentile by Number Answered
Your Score History
You have not taken this quiz